| 000 | 00776cab a22002055a 4500 | ||
|---|---|---|---|
| 001 | L150652 | ||
| 008 | 100809s2010 xxk 000 0 eng d | ||
| 035 | _a(Sirsi) u150652 | ||
| 041 | 0 | _aeng | |
| 050 | _a693.97 $2 18 | ||
| 100 | 1 | _aKempton, Jim | |
| 245 | 0 | 0 |
_aModern methods of construction and RSL asset management _ba quantitative study _h[electronic resource] |
| 260 | _c2010 | ||
| 490 |
_aStructural Survey _v28(2) 2010, 121-131(11) |
||
| 520 | _aExplores the views of asset managers on the incorporation of modern methods of construction (MMC) into registered social landlord housing portfolios and its implications for long-term maintenance. | ||
| 590 | _aKA | ||
| 651 | 4 | _aUnited Kingdom | |
| 690 | _aBUILT ENVIRONMENT-CONSTRUCTION DESIGN | ||
| 942 |
_n0 _2ddc |
||
| 999 |
_c82590 _d82590 |
||